Central Library OPAC University of Rajshahi

Limnological Study and the Efficacy of some Supplementaty Feeds on the Growth of some Exotic Carps / (Record no. 83851)

MARC details
000 -LEADER
fixed length control field 00900nam a2200241 a 4500
001 - CONTROL NUMBER
RUCL Control Number 83851
003 - CONTROL NUMBER IDENTIFIER
rucl marc code BD-RjUL
005 - DATE AND TIME OF LATEST TRANSACTION
control field 20240529133741.0
008 - FIXED-LENGTH DATA ELEMENTS--GENERAL INFORMATION
fixed length control field 240529s2001 bg a|||| m||| 00| 0 eng d
035 ## - SYSTEM CONTROL NUMBER
system control number (BD-RjUL)83851
040 ## - CATALOGING SOURCE
Original cataloging agency BD-RjUL
Language of cataloging eng
Transcribing agency BD-RjUL
Modifying agency BD-RjUL
041 ## - LANGUAGE CODE
Language code of Book eng
082 ## - DEWEY DECIMAL CLASSIFICATION NUMBER
DDC Edition number 23
Classification number 597.5
Author mark and Year JAL 2001
100 ## - MAIN ENTRY--PERSONAL NAME
Personal name Jasmine, Saleha
245 10 - TITLE STATEMENT
Title Limnological Study and the Efficacy of some Supplementaty Feeds on the Growth of some Exotic Carps /
Statement of responsibility, etc By Saleha Jasmine ;
Name of Supervisor/Co-Supervisor Supervisor : Abdus Salam Bhuiyan
260 ## - PUBLICATION, DISTRIBUTION, ETC. (IMPRINT)
Place of publication, distribution, etc Rajshahi :
Name of publisher, distributor, etc Department of Zoology, University of Rajshahi,
Date of publication, distribution, etc 2001
300 ## - PHYSICAL DESCRIPTION
Pagination [7], 254 Leaves :
Other physical details ill, ;
Dimensions cm.
502 ## - DISSERTATION NOTE
Dissertation note Thesis (Ph. D.) -- Department of Zoology, University of Rajshahi, 2001
504 ## - BIBLIOGRAPHY, ETC. NOTE
Bibliography, etc References : Leaves [191]-210
650 ## - SUBJECT ADDED ENTRY--TOPICAL TERM
Topical term or geographic name as entry element Limnological
Form subdivision Feeds
9 (RLIN) 13231
700 ## - ADDED ENTRY--SUPERVISOR/CO-SUPERVISOR NAME
Personal name Bhuiyan, Abdus Salam, Supervisor
9 (RLIN) 13202
942 ## - ADDED ENTRY ELEMENTS (KOHA)
Source of classification or shelving scheme Dewey Decimal Classification
Koha item type Theses
Holdings
Source of classification or shelving scheme Damaged status Not for loan Collection code Permanent Location Current Location Shelving location Date of accession Source of acquisition Total Checkouts Full call number Barcode Date last seen Copy number Thesis
Dewey Decimal Classification   Not For Loan Theses Central Library, University of Rajshahi Central Library, University of Rajshahi Documentation Section 29/09/2002 Controller of Exam. R. U.   THE 597.5 JAL 2001 D2098 29/05/2024 C-I Theses